书目信息 |
| 题名: |
一元代数方程
|
|
| 作者: | 刘培娜 , 杨大淳 编著 | |
| 分册: | ||
| 出版信息: | 北京 科学出版社 1985 |
|
| 页数: | 233页 | |
| 开本: | 19cm | |
| 丛书名: | ||
| 单 册: | ||
| 中图分类: | O122.2 | |
| 科图分类: | ||
| 主题词: | 一元方程 | |
| 电子资源: | ||
| ISBN: | ||
| 000 | 00672nam0 2200253 45 | |
| 001 | 0185016618 | |
| 005 | 20040519171643.0 | |
| 010 | @dCNY1.40 | |
| 091 | @a13031.2983 | |
| 100 | @a19951108d1985 em y0chiy0121 ea | |
| 101 | 0 | @achi |
| 102 | @aCN@b110000 | |
| 105 | @ay z 000yy | |
| 106 | @ar | |
| 200 | 10 | @a一元代数方程@Ayi yuan dai shu fang cheng@f刘培娜,杨大淳编著 |
| 210 | @a北京@c科学出版社@d1985 | |
| 215 | @a233页@d19cm | |
| 606 | @a一元方程 | |
| 690 | @aO122.2@v3 | |
| 701 | 0 | @a刘培娜@4编著@Aliu pei na |
| 701 | 0 | @a杨大淳@4编著@Ayang da chun |
| 801 | 0 | @aCN@b深圳图书馆@c20040519 |
| 801 | 2 | @aCN@bNLC@c20040519 |
| 905 | @f4@b150479-482@dO122.2@e9 | |
| 一元代数方程/刘培娜,杨大淳编著.-北京:科学出版社,1985 |
| 233页;19cm |
| ISBN :CNY1.40 |
| ● |
| 相关链接 |
|
|
|
|
正题名:一元代数方程
索取号:O122.2/9
 
预约/预借
| 序号 | 登录号 | 条形码 | 馆藏地/架位号 | 状态 | 备注 |
| 1 | 0150479 | 001243899 | 密集书库/ [索取号:O122.2/9] | 在馆 | |
| 2 | 0150480 | 001243915 | 密集书库/ [索取号:O122.2/9] | 在馆 | |
| 3 | 0150481 | 001243924 | 第三借阅区/ [索取号:O122.2/9] | 在馆 | |
| 4 | 0150482 | 001243942 | 第三借阅区/ [索取号:O122.2/9] | 在馆 | |
| 5 | 0150483 | 202092966 | 第二样本阅览室/ [索取号:O122.2/9] | 在馆 |